000 00538nam a2200169Ia 4500
008 090201s9999 xx 000 0 und d
010 _aKPL-18262
040 _bमराठी
041 _aमराठी
082 _a6283
_b18262
100 _aसुमति क्षेत्रमाडे
245 _aमैथिली
_cसुमति क्षेत्रमाडे
260 _c2004
_bमनोरंजन प्रकाशन
300 _a518
_bमोठा
600 _aमैथिली
942 _cBOOK
999 _c207111
_d207111